Reverse Dictionary #97 - Statistics

General Stats
  • This quiz has been taken 26 times
  • The average score is 15 of 25
Answer Stats
Definition First
Letter
Word % Correct
Extremely small. T tiny
88%
1. To inform upon or deliver into the hands of an enemy in violation of a trust or allegiance.2. To be false or disloyal to. B betray
84%
Any of various hoofed ruminant mammals of the family Cervidae, characteristically having deciduous antlers borne chiefly by the males. D deer
84%
A feeling of discontent or covetousness of another’s advantages, possessions, or attainments; desire for something possessed by another. E envy
84%
An opening constructed in a wall, door, or roof that functions to admit light or air to an enclosure and is often framed and spanned with glass mounted to permit opening and closing. W window
84%
The exterior surface and its supporting structures on the top of a building. R roof
80%
1. Any of numerous aquatic, chiefly marine filter-feeding invertebrate animals of the phylum Porifera, characteristically having a porous skeleton composed of fibrous material or siliceous or calcareous spicules and often forming colonies attached to an underwater surface.2. A piece of the absorbent skeleton of certain of these organisms, or a piece of plastic or another material that is similar in absorbency, used for cleaning, bathing, and other purposes. S sponge
80%
1. A close-fitting, usually knitted covering for the foot and leg, often made of sheer fabric as nylon or silk and rising high on the leg.2. A sock. S stocking
80%
(usually of a woman) Small, delicate, and dainty. P petite
76%
(informal) Outstanding; exceptionally fine. S super
72%
A representation, usually on a plane surface, of a region of the earth or heavens. M map
68%
To be or become aware of, especially through careful and directed attention; to notice. O observe
68%
A bag, especially one made of strong material for holding grain or objects in bulk. S sack
64%
One who is privately employed to perform domestic services. S servant
64%
Having an agreeably pungent taste. Z zesty
64%
1. To dwell or reside.2. To put up with; to tolerate. A abide
56%
A smooth viscous mixture, as of flour and water or of starch and water, that is used as an adhesive for joining light materials, such as paper and cloth. P paste
52%
Existing or occurring before something else in time or order; prior. P previous
52%
Having one or more projecting sharp points. S spiky
52%
1. To accomplish something desired or intended.2. To come next in time or order. S succeed
52%
Luckless; unfortunate. H hapless
44%
1. Firm in position or place; fixed.2. Direct and unfaltering; sure. 3. Free or almost free from change, variation, or fluctuation; uniform. S steady
36%
Suffering from a severe mental illness; insane. D deranged
24%
1. Lacking energy or disinclined to exert effort; listless.2. Characterized by or conducive to indolence or inactivity. L languid
20%
1. Well informed and perceptive; shrewd.2. Knowledgeable or proficient. S savvy
8%
No matching quizzes found
Score Distribution
Percent of People with Each Score
Percentile by Number Answered
Your Score History
You have not taken this quiz